Modest Mouse Discography - Statistics

General Stats
  • This quiz has been taken 38 times
    32 since last reset
  • The average score is 60 of 184
Answer Stats
Album Song % Correct
This Is a Long Drive for Someone with Nothing to Think About Dramamine
100%
The Moon & Antarctica 3rd Planet
82%
The Lonesome Crowded West Cowboy Dan
73%
Good News for People Who Love Bad News Float On
73%
The Lonesome Crowded West Heart Cooks Brain
73%
Good News for People Who Love Bad News Horn Intro
73%
The Lonesome Crowded West Trailer Trash
73%
This Is a Long Drive for Someone with Nothing to Think About Beach Side Property
64%
Good News for People Who Love Bad News Bukowski
64%
We Were Dead Before the Ship Even Sank Dashboard
64%
We Were Dead Before the Ship Even Sank Florida
64%
The Moon & Antarctica Gravity Rides Everything
64%
Interstate 8 | Building Nothing Out of Something Interstate 8
64%
Strangers to Ourselves Lampshades on Fire
64%
We Were Dead Before the Ship Even Sank Little Motel
64%
This Is a Long Drive for Someone with Nothing to Think About Lounge
64%
The Lonesome Crowded West Lounge (Closing Time)
64%
Good News for People Who Love Bad News Ocean Breathes Salty
64%
The Moon & Antarctica Paper Thin Walls
64%
We Were Dead Before the Ship Even Sank Spitting Venom
64%
The Lonesome Crowded West Styrofoam Boots/It's All Nice on Ice, Alright
64%
The Lonesome Crowded West Teeth Like God's Shoeshine
64%
Good News for People Who Love Bad News The World At Large
64%
Good News for People Who Love Bad News Black Cadillacs
55%
This Is a Long Drive for Someone with Nothing to Think About Breakthrough
55%
Building Nothing Out of Something Broke
55%
Night on the Sun | The Moon & Antarctica Dark Center of the Universe
55%
This Is a Long Drive for Someone with Nothing to Think About Head South
55%
The Moon & Antarctica I Came as a Rat
55%
Night on the Sun (Vinyl Release) I Came as a Rat (Long Walk Off a Short Dock)
55%
Everywhere and His Nasty Parlour Tricks I Came as a Rat (Long Walk off a Short Dock)
55%
Good News for People Who Love Bad News Interlude (Milo)
55%
No One's First, and You're Next King Rat
55%
This Is a Long Drive for Someone with Nothing to Think About Make Everyone Happy/Mechanical Birds
55%
This Is a Long Drive for Someone with Nothing to Think About Might
55%
Building Nothing Out of Something Never Ending Math Equation
55%
Everywhere and His Nasty Parlour Tricks | Night on the Sun Night on the Sun
55%
This Is a Long Drive for Someone with Nothing to Think About Ohio
55%
This Is a Long Drive for Someone with Nothing to Think About Talking Shit About a Pretty Sunset
55%
The Moon & Antarctica The Cold Part
55%
Good News for People Who Love Bad News The View
55%
Building Nothing Out of Something Baby Blue Sedan
45%
Good News for People Who Love Bad News Blame it on the Tetons
45%
The Lonesome Crowded West Convenient Parking
45%
This Is a Long Drive for Someone with Nothing to Think About Custom Concern
45%
Good News for People Who Love Bad News Dig Your Grave
45%
This Is a Long Drive for Someone with Nothing to Think About Dog Paddle
45%
Building Nothing Out of Something Grey Ice Water
45%
The Lonesome Crowded West Jesus Christ Was An Only Child
45%
The Moon & Antarctica Life Like Weeds
45%
We Were Dead Before the Ship Even Sank March into the Sea
45%
We Were Dead Before the Ship Even Sank Parting of the Sensory
45%
Strangers to Ourselves Pistol (A. Cunanan, Miami, Fl. 1996)
45%
The Lonesome Crowded West Polar Opposites
45%
The Lonesome Crowded West Shit Luck
45%
Building Nothing Out of Something Sleepwalking
45%
Interstate 8 Sleepwalking (Couples Only Dance Prom Night)
45%
Good News for People Who Love Bad News The Good Times Are Killing Me
45%
The Moon & Antarctica The Stars Are Projectors
45%
No One's First, and You're Next The Whale Song
45%
The Lonesome Crowded West Truckers Atlas
45%
Interstate 8 | This Is a Long Drive for Someone with Nothing to Think About Tundra/Desert
45%
Night on the Sun | The Moon & Antarctica Wild Packs of Family Dogs
45%
Building Nothing Out of Something | Interstate 8 All Night Diner
36%
The Moon & Antarctica Alone Down There
36%
The Lonesome Crowded West Bankrupt on Selling
36%
Strangers to Ourselves Coyotes
36%
Good News for People Who Love Bad News Dance Hall
36%
The Lonesome Crowded West Doin' the Cockroach
36%
This Is a Long Drive for Someone with Nothing to Think About Exit Does Not Exist
36%
We Were Dead Before the Ship Even Sank Fire It Up
36%
We Were Dead Before the Ship Even Sank Invisible
36%
The Moon & Antarctica Lives
36%
The Lonesome Crowded West Long Distance Drunk
36%
Building Nothing Out of Something Medication
36%
We Were Dead Before the Ship Even Sank People as Places as People
36%
Good News for People Who Love Bad News Satin in a Coffin
36%
This Is a Long Drive for Someone with Nothing to Think About Space Travel Is Boring
36%
Strangers to Ourselves Strangers to Ourselves
36%
Strangers to Ourselves Sugar Boats
36%
Good News for People Who Love Bad News This Devil's Workday
36%
The Moon & Antarctica A Different City
27%
Strangers to Ourselves Ansel
27%
Sad Sappy Sucker Blue Cadet-3, Do You Connect?
27%
Sad Sappy Sucker Dukes Up
27%
No One's First, and You're Next Guilty Cocker Spaniels
27%
Sad Sappy Sucker Mice Eat Cheese
27%
We Were Dead Before the Ship Even Sank Missed the Boat
27%
The Golden Casket Never Fuck a Spider on the Fly
27%
This Is a Long Drive for Someone with Nothing to Think About Novocain Stain
27%
Good News for People Who Love Bad News One Chance
27%
Building Nothing Out of Something Other People's Lives
27%
The Lonesome Crowded West Out of Gas
27%
No One's First, and You're Next Satellite Skin
27%
This Is a Long Drive for Someone with Nothing to Think About She Ionizes and Atomizes
27%
Strangers to Ourselves The Best Room
27%
The Golden Casket We Are Between
27%
The Moon & Antarctica What People Are Made Of
27%
Building Nothing Out of Something Whenever You Breathe Out, I Breathe In (Positive Negative)
27%
Building Nothing Out of Something Workin' on Leavin' the Livin
27%
Sad Sappy Sucker 5-4-3-2-1 Lisp Off
18%
No One's First, and You're Next Autumn Beds
18%
The Golden Casket Back to the Middle
18%
Good News for People Who Love Bad News Bury Me with It
18%
Sad Sappy Sucker Classy Plastic Lumber
18%
The Fruit That Ate Itself Dirty Fingernails
18%
Interstate 8 Edit the Sad Parts
18%
We Were Dead Before the Ship Even Sank Education
18%
Sad Sappy Sucker Every Penny Fed Car
18%
Sad Sappy Sucker Four Fingered Fisherman
18%
The Fruit That Ate Itself Fruit
18%
The Golden Casket Fuck Your Acid Trip
18%
Strangers to Ourselves God Is an Indian and You're an Asshole
18%
Everywhere and His Nasty Parlour Tricks Here It Comes
18%
Non-Album Singles Ice Cream Party
18%
Sad Sappy Sucker It Always Rains on a Picnic
18%
The Golden Casket Japanese Trees
18%
The Fruit That Ate Itself Karma's Payment
18%
The Golden Casket Lace Your Shoes
18%
The Golden Casket Leave a Light On
18%
The Moon & Antarctica Perfect Disguise
18%
No One's First, and You're Next Perpetual Motion Machine
18%
Everywhere and His Nasty Parlour Tricks So Much Beauty in Dirt
18%
We Were Dead Before the Ship Even Sank Steam Engenius
18%
The Fruit That Ate Itself Sunspots
18%
The Fruit That Ate Itself The Fruit That Ate Itself
18%
The Moon & Antarctica Tiny City Made of Ashes
18%
The Golden Casket Walking and Running
18%
We Were Dead Before the Ship Even Sank We've Got Everything
18%
Everywhere and His Nasty Parlour Tricks | Night on the Sun (Vinyl Release) Willful Suspension of Disbelief
18%
The Golden Casket Wooden Soldiers
18%
Everywhere and His Nasty Parlour Tricks You're the Good Things
18%
Night on the Sun You're the Good Things (It's Alright to Die)
18%
Everywhere and His Nasty Parlour Tricks 3 Inch Horses, Two Faced Monsters
9%
Building Nothing Out of Something A Life of Arctic Sounds
9%
Sad Sappy Sucker Australopithecus
9%
Strangers to Ourselves Be Brave
9%
Sad Sappy Sucker BMX Crash
9%
Non-Album Singles Buttons to Push the Buttons
9%
The Golden Casket Transmitting Receiving
9%
We Were Dead Before the Ship Even Sank Fly Trapped in a Jar
9%
Sad Sappy Sucker From Point A to Point B (∞)
9%
No One's First, and You're Next History Sticks to Your Feet
9%
Non-Album Singles I'm Still Here
9%
No One's First, and You're Next I've Got It All (Most)
9%
Strangers to Ourselves Of Course We Know
9%
Sad Sappy Sucker Path of Least Resistance
9%
Non-Album Singles Poison the Well
9%
Strangers to Ourselves Pups to Dust
9%
Sad Sappy Sucker Red Hand Case
9%
Sad Sappy Sucker Secret Agent X-9
9%
Strangers to Ourselves Shit in Your Cut
9%
Sad Sappy Sucker Sin Gun Chaser
9%
Sad Sappy Sucker Sucker Bet
9%
The Fruit That Ate Itself Summer
9%
Sad Sappy Sucker SWY
9%
Everywhere and His Nasty Parlour Tricks The Air
9%
Strangers to Ourselves The Ground Walks, with Time in a Box
9%
The Golden Casket The Sun Hasn't Left
9%
Strangers to Ourselves The Tortoise and the Tourist
9%
The Fruit That Ate Itself The Waydown
9%
Sad Sappy Sucker Think Long
9%
Non-Album Singles Too Many Fiestas for Reuben
9%
Sad Sappy Sucker Wagon Ride Return
9%
The Fruit That Ate Itself Way Down
9%
The Golden Casket We're Lucky
9%
Non-Album Singles Whenever You See Fit
9%
Non-Album Singles White Lies, Yellow Teeth
9%
Strangers to Ourselves Wicked Campaign
9%
Sad Sappy Sucker Woodgrain
9%
Sad Sappy Sucker Worms vs. Birds
9%
Night on the Sun Your Life
9%
Sad Sappy Sucker Black Blood & Old Newagers
0%
Sad Sappy Sucker Call to Dial a Song
0%
Night on the Sun No Title
0%
Sad Sappy Sucker Race Car Grin You Ain't No Landmark
0%
The Fruit That Ate Itself Sunspots in the House of the Late Scapegoat
0%
No matching quizzes found
Score Distribution
Percent of People with Each Score
Percentile by Number Answered
Your Score History
You have not taken this quiz since the last reset